[Event "M.Botvinnik Memorial 2012"]
[Site "St. Petersburg, Russia"]
[Date "2012.08.29"]
[Round "5.47"]
[White "Arslanov, Shamil"]
[Black "Pogosian, Vladimir"]
[Result "1-0"]
[WhiteElo "2416"]
[BlackElo "2150"]
[PlyCount "103"]
[EventDate "2012.08.25"]

1. e4 e5 2. Nf3 d6 3. d4 Nd7 4. Nc3 Ngf6 5. g4 Nxg4 6. Rg1 exd4 7. Nxd4 Nde5 8.
h3 Nh2 9. Bg2 c5 10. Nf5 g6 11. Ng3 Bxh3 12. Bxh3 Nef3+ 13. Ke2 Qh4 14. Bg2
Nxg1+ 15. Qxg1 Qg4+ 16. Ke1 Nf3+ 17. Bxf3 Qxf3 18. Nd5 O-O-O 19. Bg5 Re8 20.
Bf6 Rg8 21. Qh2 h5 22. Qh3+ Re6 23. a4 b6 24. Ra3 Qg4 25. Qxg4 hxg4 26. Ke2 Kb7
27. Ra1 Bg7 28. Bxg7 Rxg7 29. Rh1 f5 30. Kd3 Rf7 31. exf5 gxf5 32. Nf4 Re5 33.
c4 a6 34. Nge2 Re4 35. Rh6 b5 36. axb5 axb5 37. cxb5 c4+ 38. Kd2 Re5 39. Nc3 d5
40. Rd6 Rh7 41. Nfxd5 Rh2 42. Na4 Rxf2+ 43. Kc3 Rxd5 44. Rxd5 g3 45. Rd7+ Kb8
46. Nc5 Rf3+ 47. Kxc4 Rf4+ 48. Kd5 g2 49. Kc6 Kc8 50. b6 Rb4 51. b7+ Rxb7 52.
Nxb7 1-0

[Event "M.Botvinnik Memorial 2012"]
[Site "St. Petersburg, Russia"]
[Date "2012.08.29"]
[Round "5.48"]
[White "Schroer, Marcel"]
[Black "Rozhko, Dmitry"]
[Result "0-1"]
[WhiteElo "2143"]
[BlackElo "2388"]
[PlyCount "62"]
[EventDate "2012.08.25"]

1. d4 d5 2. Nf3 Nf6 3. c4 c6 4. cxd5 cxd5 5. Nc3 Nc6 6. Bf4 Bf5 7. e3 e6 8. Qb3
Bb4 9. Ne5 Qb6 10. Rc1 Ne4 11. f3 Nxc3 12. bxc3 Be7 13. Bb5 f6 14. Nxc6 bxc6
15. Be2 e5 16. Bg3 Qxb3 17. axb3 Ba3 18. Rd1 Bc2 19. Ra1 Bd6 20. b4 Kd7 21. Kd2
Bf5 22. Ra6 h5 23. Rha1 h4 24. Bf2 exd4 25. exd4 Bxh2 26. Rxa7+ Rxa7 27. Rxa7+
Kd6 28. Rxg7 Ra8 29. Ke3 Re8+ 30. Kd2 Bf4+ 31. Kd1 Bc2+ 0-1

[Event "M.Botvinnik Memorial 2012"]
[Site "St. Petersburg, Russia"]
[Date "2012.08.29"]
[Round "5.49"]
[White "Eryshkanova, Anastasiya"]
[Black "Bogachkov, Igor"]
[Result "0-1"]
[WhiteElo "2142"]
[BlackElo "2356"]
[PlyCount "64"]
[EventDate "2012.08.25"]

1. d4 Nf6 2. Nf3 g6 3. c4 Bg7 4. Nc3 O-O 5. e4 d6 6. Be2 Nbd7 7. O-O e5 8. d5
Nh5 9. g3 a5 10. Bg5 Nhf6 11. Nd2 Nc5 12. b3 h6 13. Be3 Nh7 14. a3 Na6 15. f3
Bh3 16. Re1 c5 17. Bf1 Bd7 18. Nb5 Qe7 19. Nb1 f5 20. N1c3 h5 21. Qd2 Bf6 22.
f4 g5 23. fxe5 Bxe5 24. exf5 Bxf5 25. Bd3 Bh3 26. Rab1 Rf3 27. Ne4 Raf8 28. Bf1
Bf5 29. Nxg5 Rxe3 30. Nxh7 Rxe1 31. Rxe1 Qxh7 32. Qg5+ Qg6 0-1

[Event "M.Botvinnik Memorial 2012"]
[Site "St. Petersburg, Russia"]
[Date "2012.08.29"]
[Round "5.50"]
[White "Krivenko, Sergey"]
[Black "Zizlova, Sofia"]
[Result "1-0"]
[WhiteElo "2347"]
[BlackElo "2135"]
[PlyCount "71"]
[EventDate "2012.08.25"]

1. d4 Nf6 2. c4 c5 3. d5 e6 4. Nc3 exd5 5. cxd5 d6 6. g3 g6 7. Bg2 Bg7 8. Nf3
O-O 9. O-O Re8 10. Nd2 Nbd7 11. h3 a6 12. a4 Rb8 13. Nc4 Ne5 14. Na3 Nh5 15. e4
b5 16. axb5 axb5 17. Naxb5 Qb6 18. Re1 Bd7 19. Bf1 f5 20. f4 Nxg3 21. fxe5 Nxf1
22. Nxd6 Ng3 23. Nxe8 Bxe5 24. d6 Rxe8 25. Qd5+ Kg7 26. Na4 Qb4 27. Kg2 Nxe4
28. Rxe4 fxe4 29. Qxc5 Bxd6 30. Qc3+ Qxc3 31. Nxc3 e3 32. Kf3 Bc5 33. Ra5 Rf8+
34. Ke2 Rf2+ 35. Ke1 Rf5 36. Ke2 1-0

[Event "M.Botvinnik Memorial 2012"]
[Site "St. Petersburg, Russia"]
[Date "2012.08.29"]
[Round "5.51"]
[White "Poltoratsky, Daniil"]
[Black "Zenzera, Alexey"]
[Result "0-1"]
[WhiteElo "2109"]
[BlackElo "2331"]
[PlyCount "74"]
[EventDate "2012.08.25"]

1. d4 Nf6 2. Nf3 g6 3. Bg5 Bg7 4. e3 O-O 5. Bd3 c5 6. c3 b6 7. Nbd2 Bb7 8. h4
h6 9. Bxf6 Bxf6 10. dxc5 h5 11. Rg1 Na6 12. Ne4 Nxc5 13. Nxc5 bxc5 14. g4 e5
15. Ng5 Bxg5 16. gxh5 Bxe3 17. Qg4 Bh6 18. Qf5 Bg7 19. hxg6 Qf6 20. Qh3 fxg6
21. O-O-O e4 22. Qxd7 exd3 23. Qxb7 Qxf2 24. Qd5+ Kh8 25. Qxd3 Rab8 26. b4 Rf3
27. Rdf1 Rxd3 28. Rxf2 Rxc3+ 29. Rc2 Rxc2+ 30. Kxc2 Rxb4 31. Rxg6 Rb2+ 32. Kd3
Rxa2 33. Kc4 Bd4 34. h5 a5 35. Rg4 a4 36. Kd5 a3 37. Ke4 Rf2 0-1

[Event "M.Botvinnik Memorial 2012"]
[Site "St. Petersburg, Russia"]
[Date "2012.08.29"]
[Round "5.52"]
[White "Pershin, Denis"]
[Black "Khatoev, Eduard"]
[Result "0-1"]
[WhiteElo "2103"]
[BlackElo "2322"]
[PlyCount "78"]
[EventDate "2012.08.25"]

1. e4 c5 2. Nf3 d6 3. d4 cxd4 4. Nxd4 Nf6 5. Nc3 a6 6. Bg5 e6 7. f4 Qc7 8. Qf3
b5 9. O-O-O b4 10. Nce2 Nbd7 11. e5 Bb7 12. Qh3 dxe5 13. fxe5 Qxe5 14. Bf4 Qh5
15. Qe3 Nd5 16. Qd2 Be7 17. g4 Qg6 18. Bg2 N7b6 19. b3 h5 20. Kb1 hxg4 21. Bc7
Nc3+ 22. Qxc3 bxc3 23. Bxb7 O-O 24. Nc6 Bf6 25. Bxb6 Rab8 26. Nxb8 Rxb8 27. Rd7
Rxb7 28. Rxb7 Qe4 29. Rb8+ Kh7 30. Ng3 Qb4 31. Ka1 Qa3 32. Rb1 Qd6 33. Rb7 Qc6
34. Rxf7 Qxb6 35. Ne4 Kg6 36. Rd7 Qc6 37. Nxf6 gxf6 38. Rbd1 Qg2 39. Kb1 Qxh2
0-1

[Event "M.Botvinnik Memorial 2012"]
[Site "St. Petersburg, Russia"]
[Date "2012.08.29"]
[Round "5.53"]
[White "Bogachkova, Alena"]
[Black "Barhudarian, Rafael"]
[Result "0-1"]
[WhiteElo "2086"]
[BlackElo "2320"]
[PlyCount "108"]
[EventDate "2012.08.25"]

1. e4 Nc6 2. Nf3 d6 3. d4 Nf6 4. d5 Nb8 5. Nc3 g6 6. Bg5 Bg7 7. Qd2 c6 8. Bh6
Bxh6 9. Qxh6 Qb6 10. O-O-O Bg4 11. Qd2 Nbd7 12. h3 Bxf3 13. gxf3 Qa5 14. Kb1
cxd5 15. Nxd5 Qxd2 16. Rxd2 Nxd5 17. Rxd5 O-O 18. Rb5 Rab8 19. f4 a6 20. Rb4
Nc5 21. Bg2 b5 22. f5 e5 23. Bf1 Rb6 24. f3 Rfb8 25. c4 Kg7 26. h4 h5 27. Rg1
Kf6 28. Rg5 Na4 29. Rb3 Nc5 30. Rb4 R6b7 31. Be2 Na4 32. cxb5 axb5 33. a3 Nc5
34. Ka2 Rb6 35. Kb1 R8b7 36. Bf1 Na6 37. Rb3 Nb8 38. fxg6 fxg6 39. Rd3 Nd7 40.
Rd2 Nc5 41. Bh3 Rg7 42. Ka2 b4 43. b3 bxa3 44. b4 Na6 45. b5 Nc7 46. Bf1 Ne6
47. Rg3 Nd4 48. Kxa3 Ra7+ 49. Kb4 Ra1 50. Rdg2 Nc6+ 51. Kc4 Rc1+ 52. Kd3 Ne7
53. Kd2 Rxf1 54. Kc3 Rxb5 0-1

[Event "M.Botvinnik Memorial 2012"]
[Site "St. Petersburg, Russia"]
[Date "2012.08.29"]
[Round "5.54"]
[White "Serrano Salvador, Eduardo"]
[Black "Andronov, Mikhail G"]
[Result "1-0"]
[WhiteElo "2319"]
[BlackElo "2139"]
[PlyCount "89"]
[EventDate "2012.08.25"]

1. d4 Nf6 2. Nf3 c5 3. d5 b5 4. Bg5 Qb6 5. Bxf6 Qxf6 6. c3 d6 7. Qb3 a6 8. a4
c4 9. Qb4 Qf5 10. axb5 Qxd5 11. e3 axb5 12. Rxa8 Qxa8 13. Qxb5+ Bd7 14. Qxc4
Qa1 15. Bd3 Qxb2 16. O-O Qb7 17. Nbd2 Qc8 18. Qxc8+ Bxc8 19. Ra1 Kd8 20. Bc4 f6
21. Ra8 Kc7 22. Nd4 Bd7 23. Ne6+ Bxe6 24. Bxe6 Nc6 25. Bd5 g6 26. Ra6 Nd8 27.
Ra7+ Kb6 28. Rd7 Kc5 29. e4 e6 30. Rxd8 exd5 31. Rc8+ Kb5 32. exd5 Bg7 33. Rc6
Re8 34. Kf1 f5 35. Nc4 Be5 36. Nxd6+ Bxd6 37. Rxd6 Kc4 38. Rd7 Re5 39. f4 Re4
40. g3 h5 41. Kg2 Re2+ 42. Kh3 Kxc3 43. Rg7 Kd4 44. Rxg6 Kxd5 45. Rf6 1-0

[Event "M.Botvinnik Memorial 2012"]
[Site "St. Petersburg, Russia"]
[Date "2012.08.29"]
[Round "5.55"]
[White "Shushpanov, Vladimir"]
[Black "Kuzmin, Egor"]
[Result "1/2-1/2"]
[WhiteElo "2318"]
[BlackElo "2134"]
[PlyCount "118"]
[EventDate "2012.08.25"]

1. e4 c5 2. Nf3 d6 3. c3 Nf6 4. Bd3 Nc6 5. Bc2 Bg4 6. h3 Bh5 7. d3 e6 8. Nbd2
Be7 9. Nf1 d5 10. Ng3 Bg6 11. Qe2 Qc7 12. O-O Bd6 13. Nf5 Bf4 14. Re1 Bxc1 15.
Raxc1 O-O 16. N5h4 dxe4 17. dxe4 Ne5 18. Nxg6 hxg6 19. g3 Nxf3+ 20. Qxf3 e5 21.
Qe2 Rfd8 22. Qc4 a6 23. a4 b5 24. axb5 axb5 25. Qxb5 Rdb8 26. Qc4 Rxb2 27. Re2
Raa2 28. Bd3 Rxe2 29. Bxe2 Qa5 30. Kg2 Qa8 31. Bd3 Rd2 32. Rc2 Rxc2 33. Bxc2
Qc6 34. Kg1 Ne8 35. Ba4 Nd6 36. Qxf7+ Kxf7 37. Bxc6 g5 38. Kf1 Ke7 39. Ke2 Nc8
40. Ke3 Kf6 41. Kd3 Nd6 42. Kc2 Nc4 43. Bd5 Nb6 44. Kd2 Nc8 45. Ke3 Nd6 46. Bc6
Ke7 47. Kf3 Kf6 48. Kg4 Nc4 49. h4 gxh4 50. gxh4 Nd6 51. Bd5 Nb5 52. c4 Nd4 53.
f4 exf4 54. Kxf4 Ne2+ 55. Kg4 Nd4 56. e5+ Kxe5 57. Kg5 Nf5 58. h5 Ne7 59. Bf7
Ke4 1/2-1/2

[Event "M.Botvinnik Memorial 2012"]
[Site "St. Petersburg, Russia"]
[Date "2012.08.29"]
[Round "5.56"]
[White "Polyaninov, Aleksey"]
[Black "Larin, Maxim"]
[Result "1-0"]
[WhiteElo "2316"]
[BlackElo "2131"]
[PlyCount "151"]
[EventDate "2012.08.25"]

1. Nf3 Nf6 2. d4 c5 3. d5 e6 4. Nc3 exd5 5. Nxd5 Nxd5 6. Qxd5 Be7 7. e4 O-O 8.
Bc4 d6 9. O-O Nd7 10. Qd3 Nb6 11. Bb3 Be6 12. Bxe6 fxe6 13. a4 a5 14. Re1 Bf6
15. e5 dxe5 16. Qb5 Qc7 17. Bd2 Nd5 18. Re4 b6 19. Rae1 Qf7 20. Bc3 Rad8 21.
Qf1 Nxc3 22. bxc3 Rd6 23. h3 h6 24. Rd1 Rd5 25. Rb1 Qc7 26. Qe2 g6 27. Re1 Qf7
28. Rb1 Qc7 29. Re1 Qf7 30. Nd2 Bd8 31. Nc4 Bc7 32. Ne3 Kh7 33. Nxd5 exd5 34.
Re3 e4 35. c4 Bf4 36. Rb3 e3 37. fxe3 dxc4 38. Rxb6 Bc7 39. Rb7 Bh2+ 40. Kxh2
Qxb7 41. e4 Qf7 42. e5 Qf4+ 43. Kh1 Qd4 44. Rd1 Qf4 45. e6 Re8 46. e7 Qf6 47.
Re1 Kg7 48. Qe4 c3 49. Re2 Qf5 50. Qe3 Qf6 51. Kh2 Qd6+ 52. g3 Qd4 53. Qe6 Qf6
54. Qd7 Qf3 55. Qe6 Qf6 56. Qe4 h5 57. h4 Qd4 58. Qc6 Kf7 59. Qe6+ Kg7 60. Qc6
Kf7 61. Qe6+ Kg7 62. Kg2 Qf6 63. Qd7 Qa6 64. Re6 Qa8+ 65. Rc6 Kh6 66. Qe6 Rg8
67. Kh2 Qe8 68. Rxc5 Kh7 69. Rxa5 Rg7 70. Re5 Rf7 71. Re2 Kg7 72. a5 Rf6 73.
Qe5 Kf7 74. Qxc3 Rf5 75. Qc4+ Kg7 76. a6 1-0

[Event "M.Botvinnik Memorial 2012"]
[Site "St. Petersburg, Russia"]
[Date "2012.08.29"]
[Round "5.57"]
[White "Khakimov, Timur"]
[Black "Gorjunov, Sergey"]
[Result "1-0"]
[WhiteElo "2298"]
[BlackElo "2128"]
[PlyCount "55"]
[EventDate "2012.08.25"]

1. e4 c5 2. Nf3 d6 3. d4 cxd4 4. Nxd4 Nf6 5. Nc3 g6 6. Be2 Bg7 7. O-O Nc6 8.
Nb3 O-O 9. Bg5 Be6 10. Kh1 Rc8 11. f4 a6 12. Bf3 b5 13. Nd5 Bxd5 14. exd5 Na5
15. c3 b4 16. cxb4 Nc4 17. Qe2 Qb6 18. Rac1 Qxb4 19. Nd4 Na5 20. Rxc8 Rxc8 21.
Nc6 Nxc6 22. dxc6 Qb5 23. Rc1 h6 24. Qxb5 axb5 25. Bxf6 Bxf6 26. c7 d5 27. Bxd5
Bxb2 28. Rc2 1-0

[Event "M.Botvinnik Memorial 2012"]
[Site "St. Petersburg, Russia"]
[Date "2012.08.29"]
[Round "5.58"]
[White "Rassokhina, Ekaterina"]
[Black "Lamorelle, Julien"]
[Result "1/2-1/2"]
[WhiteElo "2062"]
[BlackElo "2290"]
[PlyCount "92"]
[EventDate "2012.08.25"]

1. d4 d5 2. Nf3 Nf6 3. c4 e6 4. Nc3 c6 5. cxd5 exd5 6. Qc2 Na6 7. Bg5 h6 8. Bh4
Nb4 9. Qb1 g6 10. Qd1 Bf5 11. Rc1 g5 12. Bg3 Qa5 13. Qd2 Ne4 14. Nxe4 dxe4 15.
Ne5 e3 16. fxe3 Qxa2 17. e4 Bxe4 18. e3 b5 19. Be2 Bxg2 20. Bc4 Bxh1 21. Bxa2
Nxa2 22. Qf2 Bb4+ 23. Kf1 f6 24. Nxc6 Nxc1 25. Nxb4 Be4 26. Bd6 Kf7 27. Be5
Rhf8 28. Ke1 Ke6 29. Qg3 a5 30. Qg4+ f5 31. Qh5 axb4 32. Qxh6+ Kd5 33. Qd6+ Kc4
34. Qc5+ Kb3 35. Qxc1 Rfc8 36. Qd1+ Bc2 37. Qc1 Ra2 38. d5 Rca8 39. Kd2 Be4 40.
Qd1+ Kc4 41. Ke2 Rd8 42. Qd4+ Kb3 43. d6 Rd7 44. Qd1+ Kc4 45. Qd4+ Kb3 46. Qd1+
Kc4 1/2-1/2

[Event "M.Botvinnik Memorial 2012"]
[Site "St. Petersburg, Russia"]
[Date "2012.08.29"]
[Round "5.59"]
[White "Trapeznikova, Darya"]
[Black "Solovyov, Viktor"]
[Result "1/2-1/2"]
[WhiteElo "2050"]
[BlackElo "2278"]
[PlyCount "80"]
[EventDate "2012.08.25"]

1. e4 c5 2. Nf3 Nc6 3. d4 cxd4 4. Nxd4 Nf6 5. Nc3 e5 6. Ndb5 d6 7. Bg5 a6 8.
Na3 b5 9. Bxf6 gxf6 10. Nd5 f5 11. g3 Bg7 12. Bg2 fxe4 13. Bxe4 Rb8 14. Qh5 Be6
15. O-O Ne7 16. Rad1 Nxd5 17. Bxd5 O-O 18. c3 Qd7 19. Rd2 Bh3 20. Re1 Qg4 21.
Bf3 Qxh5 22. Bxh5 Be6 23. Rxd6 b4 24. cxb4 Bxa2 25. Rxa6 Rxb4 26. Nc2 Rxb2 27.
Ne3 Rd8 28. Rd1 Rxd1+ 29. Nxd1 Rd2 30. Ra8+ Bf8 31. Ne3 Be6 32. Bg4 Bb3 33. Rb8
Ba2 34. Nf5 Rc2 35. Nh6+ Kg7 36. Nf5+ Kg8 37. Nh6+ Kg7 38. Nf5+ Kg8 39. Nh6+
Kg7 40. Nf5+ Kg8 1/2-1/2

[Event "M.Botvinnik Memorial 2012"]
[Site "St. Petersburg, Russia"]
[Date "2012.08.29"]
[Round "5.60"]
[White "Toivonen, Alexander V"]
[Black "Tkachev, Ivan"]
[Result "0-1"]
[WhiteElo "2250"]
[BlackElo "2117"]
[PlyCount "82"]
[EventDate "2012.08.25"]

1. Nf3 d5 2. g3 c5 3. Bg2 Nc6 4. d4 Nf6 5. O-O Bf5 6. dxc5 e6 7. a3 Bxc5 8. b4
Bd6 9. Nbd2 b5 10. Nb3 a6 11. Nbd4 Nxd4 12. Nxd4 Bg6 13. a4 Rc8 14. axb5 axb5
15. c3 Qd7 16. Ra5 Bc7 17. Ra7 e5 18. Nb3 O-O 19. Be3 Ra8 20. Qa1 Qc6 21. Qb2
Be4 22. f3 Bb6 23. Rxa8 Bxe3+ 24. Kh1 Rxa8 25. fxe4 Nxe4 26. Bxe4 dxe4 27. Na5
Qd5 28. Qc2 Rc8 29. Rd1 Qa8 30. Rd7 Bf2 31. Kg2 e3+ 32. Nb7 Qa1 33. Nd6 Qg1+
34. Kh3 Qf1+ 35. Kg4 h5+ 36. Kg5 Bxg3 37. Rxf7 Bf4+ 38. Kf5 Qh3+ 39. Ke4 Qg2+
40. Kf5 Qg4+ 41. Ke4 Qg6+ 0-1

[Event "M.Botvinnik Memorial 2012"]
[Site "St. Petersburg, Russia"]
[Date "2012.08.29"]
[Round "5.61"]
[White "Mikhailov, Ivan"]
[Black "Vunder, Andrey"]
[Result "0-1"]
[WhiteElo "2026"]
[BlackElo "2248"]
[PlyCount "152"]
[EventDate "2012.08.25"]

1. d4 d5 2. c4 e6 3. Nc3 c5 4. cxd5 exd5 5. Nf3 Nc6 6. Bf4 Nf6 7. e3 Be7 8.
dxc5 Bxc5 9. Be2 O-O 10. O-O Be6 11. Rc1 Rc8 12. Nb5 Be7 13. Nbd4 Qb6 14. Qb3
Qxb3 15. Nxb3 Ne4 16. h3 Bf6 17. Nfd4 Nxd4 18. Nxd4 Bd7 19. Rfd1 Ba4 20. Rf1
Bd7 21. f3 Nd2 22. Rfd1 Nc4 23. b3 Ne5 24. Kf2 a6 25. Bg3 Rfe8 26. Bf1 g6 27.
Be2 Bg7 28. Bf4 h6 29. g4 Kh7 30. Bh2 Nc6 31. Nxc6 Bxc6 32. Bd6 Re6 33. Bc5
Rce8 34. Bf1 Bf6 35. Kg3 Bg5 36. f4 Rxe3+ 37. Bxe3 Rxe3+ 38. Kf2 Bxf4 39. Rc2
Re6 40. Bg2 Be3+ 41. Ke2 Bb5+ 42. Kf3 d4 43. a4 Rf6+ 44. Kg3 Bf4+ 45. Kf2 Be3+
46. Kg3 Bf4+ 47. Kf2 Bh2+ 48. Bf3 Bc6 49. Rxc6 bxc6 50. Rxd4 Bg1+ 51. Kxg1 Rxf3
52. Kg2 Rxb3 53. Rc4 Ra3 54. Rxc6 Rxa4 55. Rc7 Kg7 56. Ra7 Ra3 57. Kh2 Kf6 58.
Kg2 Ke6 59. Rb7 Rd3 60. Rb6+ Rd6 61. Rb7 f5 62. Rh7 fxg4 63. hxg4 Kf6 64. Rxh6
Kg5 65. Rh8 Kxg4 66. Rg8 Rd2+ 67. Kg1 g5 68. Rg6 a5 69. Ra6 Ra2 70. Rf6 Kg3 71.
Kf1 g4 72. Rf5 a4 73. Rf6 a3 74. Rf7 Ra1+ 75. Ke2 a2 76. Ra7 Rh1 0-1

[Event "M.Botvinnik Memorial 2012"]
[Site "St. Petersburg, Russia"]
[Date "2012.08.29"]
[Round "5.62"]
[White "Opanasenko, Mikhail"]
[Black "Papadakis, Michalis"]
[Result "1-0"]
[WhiteElo "2016"]
[BlackElo "2235"]
[PlyCount "133"]
[EventDate "2012.08.25"]

1. e4 c5 2. Nf3 d6 3. d4 cxd4 4. Qxd4 a6 5. c4 Nc6 6. Qd2 Nf6 7. Nc3 g6 8. b3
Bg7 9. Bb2 O-O 10. Bd3 Bg4 11. Be2 Rb8 12. O-O Qa5 13. Qe3 Nd7 14. Na4 Bxb2 15.
Nxb2 Bxf3 16. Bxf3 Qe5 17. Nd3 Qd4 18. Qxd4 Nxd4 19. Rfd1 e5 20. Nb4 Nc5 21.
Nd5 Nce6 22. Nf6+ Kg7 23. Nd7 Nxf3+ 24. gxf3 Nd4 25. Kg2 f5 26. Nxb8 Rxb8 27.
Rd2 Kf6 28. Rad1 Ke6 29. Rxd4 exd4 30. Rxd4 f4 31. Rd5 Rc8 32. Kf1 b6 33. a4
Rc7 34. Ke2 a5 35. Rb5 Rb7 36. Kf1 Kd7 37. Kg2 Kc6 38. Kh3 h6 39. Kg4 Rf7 40.
h4 Rf8 41. Kh3 Rg8 42. Kg4 Rf8 43. Rd5 Rf7 44. e5 dxe5 45. Rxe5 Rf6 46. Rd5 Rf8
47. Rb5 Rf7 48. c5 bxc5 49. Rxa5 Rb7 50. Ra6+ Kd5 51. Rxg6 Rxb3 52. Rxh6 c4 53.
Rh8 c3 54. Rc8 Kd4 55. h5 Kd3 56. h6 Rb7 57. Kxf4 c2 58. Kg5 Ra7 59. f4 Ra5+
60. f5 Rxa4 61. Rxc2 Kxc2 62. h7 Ra8 63. Kg6 Kd3 64. f6 Ke4 65. Kg7 Kf5 66. f7
Ke6 67. f8=Q 1-0

[Event "M.Botvinnik Memorial 2012"]
[Site "St. Petersburg, Russia"]
[Date "2012.08.29"]
[Round "5.63"]
[White "Voronenkov, Sergey"]
[Black "Andrenko, Irina"]
[Result "0-1"]
[WhiteElo "2012"]
[BlackElo "2228"]
[PlyCount "58"]
[EventDate "2012.08.25"]

1. e4 c5 2. Nf3 e6 3. d4 cxd4 4. Nxd4 Nc6 5. Nc3 Qc7 6. Be3 Nf6 7. Qd2 a6 8.
O-O-O Bb4 9. f3 d5 10. Nxc6 bxc6 11. a3 Be7 12. Bf4 Qb7 13. g4 Nd7 14. exd5
cxd5 15. Re1 Nb6 16. h4 Bd7 17. g5 Rc8 18. Qd4 O-O 19. h5 Bc5 20. Qd2 d4 21.
Ne4 Ba4 22. Bd3 Be7 23. Bd6 Nc4 24. Bxc4 Rxc4 25. c3 dxc3 26. bxc3 Rb8 27. Qa2
Bxd6 28. Nxd6 Rxc3+ 29. Kd2 Qxf3 0-1

[Event "M.Botvinnik Memorial 2012"]
[Site "St. Petersburg, Russia"]
[Date "2012.08.29"]
[Round "5.64"]
[White "Kharchenko, Daniil"]
[Black "Pashinsky, Mikhail"]
[Result "0-1"]
[WhiteElo "2006"]
[BlackElo "2220"]
[PlyCount "66"]
[EventDate "2012.08.25"]

1. d4 d6 2. c4 e5 3. Nf3 e4 4. Ng5 f5 5. g3 Be7 6. h4 Nf6 7. Bg2 O-O 8. Nc3 c6
9. O-O Na6 10. Nh3 Nc7 11. Bg5 Ne6 12. Be3 d5 13. Qb3 a6 14. Nf4 Nxf4 15. Bxf4
b5 16. cxb5 cxb5 17. e3 Be6 18. Rac1 h6 19. Ne2 Ng4 20. Bc7 Qd7 21. Nf4 Bf7 22.
f3 Nf6 23. fxe4 dxe4 24. Qd1 g5 25. hxg5 hxg5 26. Ne2 Nd5 27. Ba5 Nxe3 28. Rc7
Qd6 29. Qc1 Nxf1 30. Bxf1 Bc4 31. a3 Rf7 32. Kg2 f4 33. Nc3 f3+ 0-1

[Event "M.Botvinnik Memorial 2012"]
[Site "St. Petersburg, Russia"]
[Date "2012.08.29"]
[Round "5.65"]
[White "Kharmunova, Nadezhda"]
[Black "Rupel, David G"]
[Result "0-1"]
[WhiteElo "2219"]
[BlackElo "2100"]
[PlyCount "84"]
[EventDate "2012.08.25"]

1. d4 c6 2. c4 d5 3. Nc3 e6 4. Nf3 f5 5. g3 Nf6 6. Bg2 Nbd7 7. O-O Bd6 8. Qc2
Ne4 9. Nxe4 dxe4 10. Ng5 Nf6 11. f3 h6 12. Nh3 exf3 13. Bxf3 e5 14. c5 e4 15.
cxd6 exf3 16. Bf4 Nd5 17. exf3 Nxf4 18. Rfe1+ Ne6 19. Nf4 Qf6 20. Qb3 Kf7 21.
Rxe6 Bxe6 22. Qxb7+ Bd7 23. Qxd7+ Kg8 24. Re1 Rd8 25. Re8+ Kh7 26. Rxh8+ Kxh8
27. Qxc6 Qxd4+ 28. Kg2 Qxd6 29. Qb5 Qd2+ 30. Kh3 Qd7 31. Qe5 Qf7 32. a4 Kh7 33.
g4 g5 34. Ne6 fxg4+ 35. Kxg4 Rc8 36. Qf5+ Qxf5+ 37. Kxf5 Rb8 38. Ke5 Rxb2 39.
Kd5 Rxh2 40. Kc5 Rb2 41. a5 Kg6 42. Nc7 h5 0-1

[Event "M.Botvinnik Memorial 2012"]
[Site "St. Petersburg, Russia"]
[Date "2012.08.29"]
[Round "5.66"]
[White "Sazonova, Anastasia"]
[Black "Bezgodova, Maria"]
[Result "1/2-1/2"]
[WhiteElo "2002"]
[BlackElo "2206"]
[PlyCount "83"]
[EventDate "2012.08.25"]

1. e4 e5 2. Nf3 Nc6 3. Nc3 Nf6 4. d4 exd4 5. Nxd4 Bb4 6. Nxc6 bxc6 7. Bd3 O-O
8. O-O d6 9. h3 Re8 10. Qf3 Nd7 11. Bf4 Ne5 12. Qg3 Nxd3 13. cxd3 Qf6 14. Rac1
Rb8 15. Nd1 Bd7 16. b3 Qg6 17. Ne3 Qxg3 18. Bxg3 Bd2 19. Rc2 Bxe3 20. fxe3 f5
21. e5 dxe5 22. Rc5 Rb5 23. Rfc1 a6 24. Rxb5 axb5 25. Rc5 e4 26. dxe4 Rxe4 27.
Kf2 Re8 28. Bxc7 Ra8 29. Rc2 c5 30. Rd2 Be6 31. Rd8+ Rxd8 32. Bxd8 c4 33. bxc4
Bxc4 34. a3 Kf7 35. g3 Ke6 36. h4 Ke5 37. Ba5 Ke4 38. Bb4 g6 39. Bf8 Bd5 40.
Be7 Be6 41. Bb4 Bc4 42. Bd6 1/2-1/2

[Event "M.Botvinnik Memorial 2012"]
[Site "St. Petersburg, Russia"]
[Date "2012.08.29"]
[Round "5.67"]
[White "Belov, Nikita"]
[Black "Bulatov, Ramil"]
[Result "1-0"]
[WhiteElo "1992"]
[BlackElo "2205"]
[PlyCount "109"]
[EventDate "2012.08.25"]

1. c4 b6 2. Nc3 Bb7 3. e4 e6 4. g3 Bb4 5. Nge2 f5 6. Bg2 Nf6 7. Qc2 O-O 8. O-O
Bxc3 9. Nxc3 f4 10. d4 Nc6 11. Qd1 e5 12. dxe5 Nxe5 13. Bxf4 Qe7 14. Nd5 Nxd5
15. exd5 d6 16. Qc2 Rae8 17. Rae1 Qf6 18. Qc3 Nd7 19. Qxf6 Nxf6 20. Bh3 b5 21.
b3 bxc4 22. bxc4 Ba6 23. Be6+ Kh8 24. Rc1 Rb8 25. Rfd1 Ne4 26. Be3 Rb2 27. Rd4
Nc5 28. Rg4 Rbb8 29. Bd4 Nxe6 30. dxe6 Rg8 31. f4 c5 32. Ba1 Bxc4 33. f5 Bxa2
34. f6 h5 35. fxg7+ Kh7 36. Re4 Rge8 37. e7 Rb7 38. Rce1 Bf7 39. Bf6 d5 40. Re5
Rb6 41. Rf1 Rd6 42. Rff5 Re6 43. Rxe6 Bxe6 44. Rxh5+ Kg6 45. Rh8 Bg8 46. Be5 a5
47. h4 Kf7 48. h5 c4 49. h6 Rxe7 50. Bf4 c3 51. Kf2 d4 52. h7 Bxh7 53. Rxh7 Re6
54. Bh6 Rxh6 55. Rxh6 1-0

[Event "M.Botvinnik Memorial 2012"]
[Site "St. Petersburg, Russia"]
[Date "2012.08.29"]
[Round "5.68"]
[White "Dotsenko, Sergey"]
[Black "Zarivkina, Victorya"]
[Result "1-0"]
[WhiteElo "2188"]
[BlackElo "2072"]
[PlyCount "119"]
[EventDate "2012.08.25"]

1. e4 c5 2. b4 e5 3. Bb2 Nc6 4. Nf3 Qc7 5. Bc4 Be7 6. bxc5 Bxc5 7. O-O Nf6 8.
Nc3 O-O 9. Nd5 Nxd5 10. Bxd5 d6 11. h3 Be6 12. c4 Qe7 13. Rb1 Rab8 14. Bc3 Qf6
15. d3 Qe7 16. Qd2 Kh8 17. Qg5 Qxg5 18. Nxg5 Bxd5 19. exd5 Nd4 20. Bxd4 Bxd4
21. g4 h6 22. Ne4 Rfd8 23. Kg2 g6 24. Ng3 b6 25. h4 Rb7 26. g5 Rdb8 27. Ne4 Bc5
28. a4 a6 29. f4 exf4 30. Rxf4 Kg7 31. Rbf1 Rf8 32. Rf6 b5 33. axb5 axb5 34.
Nxd6 Bxd6 35. Rxd6 hxg5 36. hxg5 bxc4 37. dxc4 Rc8 38. Rf4 Rbc7 39. Rdf6 Rxc4
40. Rxf7+ Kg8 41. Kf3 Rc1 42. R7f6 Kg7 43. Ke4 R8c4+ 44. Ke5 Re1+ 45. Kd6 Rxf4
46. Rxf4 Rg1 47. Ke6 Re1+ 48. Kd7 Re5 49. d6 Rxg5 50. Kc6 Ra5 51. d7 Ra8 52.
Kb7 Rh8 53. Re4 Kf6 54. Re8 Rh7 55. Kc6 Rxd7 56. Kxd7 g5 57. Kd6 Kf5 58. Kd5 g4
59. Rf8+ Kg5 60. Ke4 1-0

[Event "M.Botvinnik Memorial 2012"]
[Site "St. Petersburg, Russia"]
[Date "2012.08.29"]
[Round "5.69"]
[White "Klevets, Ksenia"]
[Black "Pimenov, Revolt"]
[Result "1-0"]
[WhiteElo "1831"]
[BlackElo "2186"]
[PlyCount "59"]
[EventDate "2012.08.25"]

1. e4 e6 2. d4 d5 3. e5 c5 4. c3 Nc6 5. Nf3 Bd7 6. a3 c4 7. Nbd2 Na5 8. g3 Qc7
9. h4 f6 10. Bh3 O-O-O 11. O-O f5 12. Rb1 Kb8 13. Re1 h6 14. Nf1 Nb3 15. Be3
Be8 16. N1d2 Nxd2 17. Qxd2 Bh5 18. Bg2 Bxf3 19. Bxf3 g6 20. b3 Rc8 21. Be2 cxb3
22. Rxb3 Rh7 23. Reb1 Qa5 24. Qb2 b6 25. Rb5 Qxa3 26. Rxb6+ axb6 27. Qxb6+ Ka8
28. Ba6 Bb4 29. Rxb4 Qxb4 30. cxb4 1-0

[Event "M.Botvinnik Memorial 2012"]
[Site "St. Petersburg, Russia"]
[Date "2012.08.29"]
[Round "5.70"]
[White "Puraev, Artemiy"]
[Black "Svidinsky, Dmitry"]
[Result "1-0"]
[WhiteElo "2183"]
[BlackElo "2064"]
[PlyCount "87"]
[EventDate "2012.08.25"]

1. d4 Nf6 2. Nf3 g6 3. Nbd2 d5 4. e3 Bg7 5. b4 O-O 6. Bb2 c6 7. c4 Bf5 8. Be2
Nbd7 9. O-O a6 10. a4 Re8 11. Qb3 h6 12. Nh4 Be6 13. cxd5 Nxd5 14. e4 Nf4 15.
Bc4 Bxc4 16. Nxc4 Ne2+ 17. Kh1 Nxd4 18. Bxd4 Bxd4 19. Rad1 e5 20. Nxg6 b5 21.
Na5 Qf6 22. Qh3 Qxg6 23. Qxd7 Qxe4 24. Nxc6 bxa4 25. Rfe1 Qh4 26. Nxd4 Red8 27.
Nf3 Rxd7 28. Nxh4 Rxd1 29. Rxd1 Rb8 30. g3 Rxb4 31. Rd6 a3 32. Rxa6 Rb3 33. Kg2
h5 34. Nf5 e4 35. Ra4 Rf3 36. Ne3 f5 37. Rxa3 Kg7 38. Ra6 f4 39. Nf5+ Kg8 40.
Nh4 Rc3 41. gxf4 Rc2 42. Nf5 Rb2 43. Ra4 Rb5 44. Ng3 1-0